The Reign of Quantity and the Signs of the Times (Record no. 347650)

000 -LEADER
fixed length control field 00387 a2200157 4500
020 ## - INTERNATIONAL STANDARD BOOK NUMBER
International Standard Book Number 9695190804
082 ## - DEWEY DECIMAL CLASSIFICATION NUMBER
Classification number 291.2
090 ## - LOCALLY ASSIGNED LC-TYPE CALL NUMBER (OCLC); LOCAL CALL NUMBER (RLIN)
-- 5232
-- 5232
100 ## - MAIN ENTRY--PERSONAL NAME
Personal name Guenon,Rene
245 ## - TITLE STATEMENT
Title The Reign of Quantity and the Signs of the Times
Statement of responsibility, etc. Rene Guenon
250 ## - EDITION STATEMENT
Edition statement 1st
260 ## - PUBLICATION, DISTRIBUTION, ETC.
Place of publication, distribution, etc. Lahore
Name of publisher, distributor, etc. Suhail Academy
Date of publication, distribution, etc. 2004
300 ## - PHYSICAL DESCRIPTION
Extent 363p
500 ## - GENERAL NOTE
General note Hard cover
942 ## - ADDED ENTRY ELEMENTS (KOHA)
Institution code [OBSOLETE] NBS
Koha item type Book
Call number prefix 291.2 GUE
Holdings
Withdrawn status Lost status Damaged status Not for loan Permanent Location Current Location Date acquired Total Checkouts Full call number Barcode Date last seen Price effective from Koha item type
        Central Library (CL) Central Library (CL) 08/28/2013   291.2 GUE NBSD-1315 10/02/2024 08/28/2013 Book
© 2023 Central Library, National University of Sciences and Technology. All Rights Reserved.